1253 1837 1622 1492 1911 1598 1671 1134 1362 1658 1518 1402 1510 1613 1710 1903 1591 1895 1845 1011 1151 1435 1186 1955 1472 1311 1699 1888 1388 1692 1878 1061 1334 1681 1342 1936 1301 1315 1941 1036 1883 1403 1062 1790 1791 1549 1077 1136 1566 1592 1510 1401 1898 1299 1986 1252 1684 1449 1946 1196 1722 1405 1354 1210 1360 1828 1329 1681 1945 1066 1316 1800 1973 1745 1488 1655 1686 1007 1603 1961 1020 1833 1016 1578 1494 1893 1962 1809 1941 1853 1495 1638 1569 1221 1865 1134 1969 1235 1480 BCNSPRNW ULIB Ver.6.0+V

เปลี่ยนเป็นภาษาไทย

Change to English
 แสดงรายละเอียดบรรณานุกรม
  กลับหน้าหลัก

Brief Record : Get Marc (ISO 2709) : E-mail record : QR code < ปิดหน้าต่าง
LEADER : 00000nam 2200000uu 4500
001    13399125755
003     ULIB
008    170830s2559||||th 000 0 tha d
020    ^a9786162798818
060 04 ^aWY100^bท337 2559
245 00 ^aทักษะพื้นฐานทางการพยาบาล เล่ม 1 =^bBasic nursing skills /^cบรรณาธิการ, ณัฐสุรางค์ บุญจันทร์, อรุณรัตน์ เทพนา
246 31 ^aBasic nursing skills
250    ^aพิมพ์ครั้งที่ 1
260    ^aกรุงเทพฯ :^bโครงการตำราคณะพยาบาลศาสตร์ มหาวิทยาลัยมหิดล,^c2559
300    ^a272 หน้า ;^bภาพประกอบ ;^c26 ซม.
505 2  ^aบทที่ 1 การป้องกันการติดเชื้อและแพร่กระจายเชื้อ -- บทที่ 2 การดูแลสุขวิทยาส่วนบุคคล -- บทที่ 3 การส่งเสริมสุขภาพด้านการขับถ่ายปัสสาวะ -- บทที่ 4 การส่งเสริมสุขภาพด้านการขับถ่ายอุจจาระ -- บทที่ 5 การให้ออกซิเจน -- บทที่ 6 การดูดเสมหะ -- บทที่ 7 การบริหารยา -- บทที่ 8 การให้สารน้ำทางหลอดเลือดดำและการให้เลือด -- บทที่ 9 การให้อาหารทางสายให้อาหาร -- บทที่ 10 การพันผ้า -- บทที่ 11 การรับผู้ป่วย การส่งต่อผู้ป่วย และการจำหน่ายผู้ป่วยออกจากโรงพยาบาล
650  0 ^aNursing
650  7 ^aการพยาบาล
650  7 ^aการพยาบาลเบื้องต้น
700 0  ^aณัฐสุรางค์ บุญจันทร์,^eบรรณาธิการ
700 0  ^aอรุณรัตน์ เทพนา,^eบรรณาธิการ
710 2  ^aมหาวิทยาลัยมหิดล.^bคณะพยาบาลศาสตร์.^bโครงการตำรา
945    ^p0^l0^i003066
945    ^p0^l0^i003067
945    ^p0^l0^i003068
945    ^p0^l0^i003069
945    ^p0^l0^i003070
999    ^aประนอม เกษจรัล
รายการนี้ยังไม่มีแท็ก
คุณยังไม่ได้ล็อกอิน คุณสามารถมีกิจกรรมร่วมกับเว็บไซต์ได้ แต่ต้องล็อกอินก่อน ::
  ล็อกอิน

รายการสื่อสารสนเทศ

ลำดับที่ ประเภท เลขเรียก/บาร์โค้ด สถานที่ สถานะ
1. วิทยาศาสตร์การแพทย์ และสุขภาพ
วิทยาศาสตร์การแพทย์ และสุขภาพ
สถานะ=หนังสือเก่า
WY100 ท337 2559 ฉ.1 
  Barcode: 003066
ห้องสมุดวิทยาเขตสวรรค์ประชารักษ์
►ส่วนจัดเก็บหนังสือเก่า สปร
บนชั้น
  ขอยืม
2. วิทยาศาสตร์การแพทย์ และสุขภาพ
วิทยาศาสตร์การแพทย์ และสุขภาพ
สถานะ=หนังสือเก่า
WY100 ท337 2559 ฉ.2 
  Barcode: 003067
ห้องสมุดวิทยาเขตสวรรค์ประชารักษ์
►ส่วนจัดเก็บหนังสือเก่า สปร
บนชั้น
  ขอยืม
3. วิทยาศาสตร์การแพทย์ และสุขภาพ
วิทยาศาสตร์การแพทย์ และสุขภาพ
สถานะ=หนังสือเก่า
WY100 ท337 2559 ฉ.3 
  Barcode: 003068
ห้องสมุดวิทยาเขตสวรรค์ประชารักษ์
►ส่วนจัดเก็บหนังสือเก่า สปร
บนชั้น
  ขอยืม
4. วิทยาศาสตร์การแพทย์ และสุขภาพ
วิทยาศาสตร์การแพทย์ และสุขภาพ
WY100 ท337 2559 ฉ.4 
  Barcode: 003069
ห้องสมุดวิทยาเขตสวรรค์ประชารักษ์
►หนังสือทั่วไป
ถูกยืม กำหนดส่งวันที่ 26 มกราคม 2569
  จอง
5. วิทยาศาสตร์การแพทย์ และสุขภาพ
วิทยาศาสตร์การแพทย์ และสุขภาพ
สถานะ=หนังสือเก่า
WY100 ท337 2559 ฉ.5 
  Barcode: 003070
ห้องสมุดวิทยาเขตสวรรค์ประชารักษ์
►ส่วนจัดเก็บหนังสือเก่า สปร
บนชั้น
  ขอยืม

รายการใกล้เคียง
    หัวเรื่อง [Nursing]
    หัวเรื่อง [การพยาบาล]
    หัวเรื่อง [การพยาบาลเบื้องต้น]

BibComment


ยังไม่เคยถูกคอมเมนท์

คอมเมนท์ทรัพยากรรายการนี้
  คอมเมนท์: ทักษะพื้นฐานทางก..


 Copyright 2026. Bcnsprnw @Library